00886nam a2200205 a 4500001001000000003000500010005001700015008004100032010001100073011001100084040000900095100003500104245017700139260004100316500006000357502010900417650004400526650004000570856007000610000112058CHAP20220329144244.0151201s2015 mx sm |||||||spa d a108519 a109491 cCHAP1 aMartínez Huasanche, Fernando10aControl biológico de nematodos asociados al cultivo del amaranto (Amaranthus hypochondriacus L.) en Cuapiaxtla, Tlaxcalah[En línea]cpor Fernando Martínez Huasanche. aChapingo, Méx. :bEl autor,c2015. aPara ver el contenido del material haga clic en la liga aTesis (Ing. Agr. Esp. en Parasitología Agrícola) -- UACH. Departamento de Parasitología Agrícola14aAmarantoxEnfermedades por nemátodos.14aControl biológico de nemátodos. aFinding aiduhttp://10.13.5.2/tesis/sist112058.pdfzTeclea aquí